Teddies on the runaway train : (Record no. 9550)

MARC details
000 -LEADER
fixed length control field 01058nam a22002897a 4500
001 - CONTROL NUMBER
control field 9550
003 - CONTROL NUMBER IDENTIFIER
control field FISKH
005 - DATE AND TIME OF LATEST TRANSACTION
control field 20260123091237.0
008 - FIXED-LENGTH DATA ELEMENTS--GENERAL INFORMATION
fixed length control field 260123b cb ||||| |||| 00| 0 eng d
020 ## - INTERNATIONAL STANDARD BOOK NUMBER
International Standard Book Number 9780710520289
040 ## - CATALOGING SOURCE
Original cataloging agency FISKH
Language of cataloging eng
Transcribing agency FISKH
Modifying agency FISKH
050 ## - LIBRARY OF CONGRESS CALL NUMBER
Classification number PZ7
082 ## - DEWEY DECIMAL CLASSIFICATION NUMBER
Classification number 823
100 ## - MAIN ENTRY--PERSONAL NAME
Personal name Patience, John
Relator term Author
245 ## - TITLE STATEMENT
Title Teddies on the runaway train :
Remainder of title Edward tall & Teddy small /
Statement of responsibility, etc. Written and illustrated by John Patience
260 ## - PUBLICATION, DISTRIBUTION, ETC.
Place of publication, distribution, etc. Bridlington :
Name of publisher, distributor, etc. Peter Haddock Publishing ,
Date of publication, distribution, etc. 2009
300 ## - PHYSICAL DESCRIPTION
Extent 14 unnumbered pages :
Other physical details color illustrations ;
Dimensions 16 cm
505 ## - FORMATTED CONTENTS NOTE
Formatted contents note C<br/>
520 ## - SUMMARY, ETC.
Summary, etc. Edward tall and Teddy small are two teddy bears who sit in the window of Mr Meadows's toy shop. When no-one is looking they magically come alive and have all kinds of fun and adventures.
521 8# - TARGET AUDIENCE NOTE
Target audience note 100<br/>
Source Lexile estimate<br/>
521 8# - TARGET AUDIENCE NOTE
Target audience note C<br/>
Source Raz-Plus<br/>
650 ## - SUBJECT ADDED ENTRY--TOPICAL TERM
Topical term or geographic name entry element Edward and Teddy
Form subdivision Magically alive
650 ## - SUBJECT ADDED ENTRY--TOPICAL TERM
Topical term or geographic name entry element Enchanting story
Form subdivision Adventure
700 ## - ADDED ENTRY--PERSONAL NAME
Personal name Patience, John
Relator term Illustrator
942 ## - ADDED ENTRY ELEMENTS (KOHA)
Source of classification or shelving scheme Dewey Decimal Classification
Koha item type Books
Suppress in OPAC No
Holdings
Withdrawn status Lost status Source of classification or shelving scheme Damaged status Not for loan Collection Home library Current library Shelving location Date acquired Total Checkouts Full call number Barcode Date due Date last seen Date last checked out Copy number Price effective from Koha item type
    Dewey Decimal Classification     Juvenile Fiction Footprints International School Library Network Toul Tom Poung Campus Footprints International School Library Network Toul Tom Poung Campus TTP Primary Green Bookshelves 01/23/2026 1 PAT 823 PZ7 2026-0069 04/15/2026 04/01/2026 04/01/2026 1 01/23/2026 Books